000
00330nam a2200121Ia 4500
005
20250424120310.0
008
250424s9999 xx 000 0 und d
022
_a
07947729
245
0
_a
Nigeria journal of political science
260
_a
Keffi
260
_b
Department of Political Science Nasarawa State University
942
_c
SR
999
_c
38523
_d
38523